000 00691nam a2200217Ia 4500
001 15839
003 GE_BSU
008 181216s||||||||xx |||||||||||||| ||und||
040 _cGE_BSU
100 _aხურცილავა, მურმან
245 _aხეები თოვლში
245 _bლექსები
245 _cრედ. მოსე გვასალია მხ. პ.ცქვიტარია
260 _aსოხუმი
260 _bალაშარა
260 _c1969
300 _a90გვ. : 1 ფ. პორტრ. ; 17სმ
653 _aლექსები
653 _aხეები თოვლში
942 _cBK
999 _c48936
_d48936